An introduction to modern economics
محفوظ في:
| المؤلف الرئيسي: | |
|---|---|
| مؤلفون آخرون: | |
| التنسيق: | كتاب |
| منشور في: |
London :
McGraw-Hill,
c1973.
|
| الطبعة: | Revised edition. |
| الموضوعات: | |
| الوسوم: |
إضافة وسم
لا توجد وسوم, كن أول من يضع وسما على هذه التسجيلة!
|
MARC
| LEADER | 00000nam a22000007a 4500 | ||
|---|---|---|---|
| 005 | 20251003152036.0 | ||
| 020 | |a 070840466 |c TZS 3500/= | ||
| 040 | |a MCCL |b eng. |e AACR 2nd rev.ed. | ||
| 082 | |a 330 ROB | ||
| 100 | |a Robinson, Joan | ||
| 245 | |a An introduction to modern economics |c / Joan Robinson, John Eatwell | ||
| 250 | |a Revised edition. | ||
| 260 | |a London : |b McGraw-Hill, |c c1973. | ||
| 300 | |a xvi, 350 p. : |b ill. ; |c 25 cm. | ||
| 504 | |a Includes index | ||
| 546 | |a eng. | ||
| 650 | |a Economics | ||
| 700 | |a Eatwell, John | ||
| 942 | |c BK | ||
| 999 | |c 11765 |d 11765 | ||